000 00192nam a22000857a 4500
050 _aPL8701
_b.I74
245 _aIntroductory kiswahili :
_bstudents manual /
300 _axviii, 236 p.
942 _cGEN
999 _c2918
_d2918